000
00229nam a2200085Ia 4500
008
220204s9999 xx 000 0 und d
082
_a
382.6(058.7)(540)
_b
DIR
245
0
_a
Directory of import of Indian produce in Japan
942
_c
BK
999
_c
20057
_d
20057